| 000 | 00754cam a22002051 4500 | ||
|---|---|---|---|
| 001 | sd 18000120 | ||
| 003 | DLC | ||
| 005 | 20260227112730.0 | ||
| 008 | 830609s1871 cl c 000 0bspa | ||
| 010 | _asd 18000120 | ||
| 035 | _a(OCoLC)9593582 | ||
| 040 |
_aDLC _cCLU _dDLC |
||
| 042 | _apremarc | ||
| 050 | 0 | 0 |
_aBX4705.D615 _bM3 |
| 100 | 1 | _aMagallanes, Valentín. | |
| 245 | 1 | 0 |
_aBiografia del Iltmo. señor, obispo de la Serena, doctor D. Justo Donoso, _cescrita a instancias del albacea el señor juez letrado don Juan Nepomuceno Aguirre i los amigos del ilustrisimo difunto, por D. Valentin Magallanes. |
| 260 |
_aSantiago, _bImpr. del ferrocarril, _c1871. |
||
| 300 |
_a87 p. _bfront. (port.) _c22 1/2 cm. |
||
| 600 | 1 | 0 |
_aDonoso, Justo, _d1800-1868. |
| 999 |
_c89689 _d89689 |
||